County Personnel (Employment Agency) Ltd v Alan R Pulver and Co (A Firm) (Record no. 4808)

MARC details
000 -LEADER
fixed length control field 01495cab a2200181 4500
001 - CONTROL NUMBER
control field ABS37984
008 - FIXED-LENGTH DATA ELEMENTS--GENERAL INFORMATION
fixed length control field 090401t1987 xxu||||| |||| 00| 0 eng d
035 ## - SYSTEM CONTROL NUMBER
System control number (Sirsi) u7899
041 ## - LANGUAGE CODE
Language code of text/sound track or separate title eng
245 ## - TITLE STATEMENT
Title County Personnel (Employment Agency) Ltd v Alan R Pulver and Co (A Firm)
260 ## - PUBLICATION, DISTRIBUTION, ETC.
Date of publication, distribution, etc. 1987
350 ## - PRICE (NR) (BK AM CF MU VM SE) [OBSOLETE]
Price 0
490 ## - SERIES STATEMENT
Series statement Weekly Law Reports
Volume/sequential designation (1987) 1 WLR 916-928(13)
520 ## - SUMMARY, ETC.
Summary, etc. CA 17 October 1986. Company (C) appealed against decision dismissing its action against solicitors (S) for negligence . S had been instructed to act in negotiating the underlease of rooms to be used as business premises. The underlease was granted at a rent of 3,500 pa. for the first five years, to be increased thereafter by the same percentage as the rent payable under the head lease. Protection under the Landlord and Tenant Act 1954 was excluded. When S received a copy of the headlease the rent payable had been cut out and they failed to ascertain what it was, they also failed to warn C of any risks in the rent review clause . When C attempted to sell the underlease but failed, partly because of uncertainty in the rent review clause. A year later when the clause came into effect, the rent under the headlease was increased and C`s rent was increased to 9,022 pa against an open market rental value of 2,600. C refused to pay the increase and paid 16,000 to surrender the underlease. In
690 ## - LOCAL SUBJECT ADDED ENTRY--TOPICAL TERM (OCLC, RLIN)
Topical term or geographic name as entry element MANAGEMENT-BUSINESS MANAGEMENT-PROFESSIONAL PRACTICE
942 ## - ADDED ENTRY ELEMENTS (KOHA)
Suppress in OPAC 0
948 ## - LOCAL PROCESSING INFORMATION (OCLC); SERIES PART DESIGNATOR (RLIN)
c (OCLC) 04/03/1997
Holdings
Withdrawn status Lost status Source of classification or shelving scheme Damaged status Not for loan Home library Current library Shelving location Date acquired Total Checkouts Full call number Barcode Date last seen Copy number Price effective from Koha item type
    Dewey Decimal Classification     London London Journal article 14/09/1999   ABS37984 7899-1001 06/08/2019 1 06/08/2019 Law report